| Tag |
First Indicator |
Second Indicator |
Subfields |
| LEADER |
00000cam a2200000 4500 |
| 001 |
in00000026678 |
| 005 |
20151007062619.0 |
| 008 |
721129r19471722enk 00001 eng u |
| 035 |
|
|
|a (OCoLC)00503916
|
| 035 |
|
|
|9 AAD5359AM
|
| 040 |
|
|
|c AKR
|d TXA
|d UtOrBLW
|
| 049 |
|
|
|a TXAM
|c [466976]
|
| 090 |
|
|
|a PR3404
|b .H48 1947
|
| 092 |
|
|
|a 823
|b D314h, 1947
|
| 100 |
1 |
|
|a Defoe, Daniel,
|d 1661?-1731.
|
| 245 |
1 |
4 |
|a The history and remarkable life of the truly honourable Colonel Jack.
|
| 264 |
|
1 |
|a London :
|b H. Hamilton,
|c [1947]
|
| 300 |
|
|
|a 347 pages
|
| 336 |
|
|
|a text
|b txt
|2 rdacontent
|
| 337 |
|
|
|a unmediated
|b n
|2 rdamedia
|
| 338 |
|
|
|a volume
|b nc
|2 rdacarrier
|
| 490 |
1 |
|
|a The Novel library
|
| 500 |
|
|
|a Title on cover: Colonel Jack.
|
| 500 |
|
|
|a First published in 1722.
|
| 536 |
|
|
|a Donated through the generosity of Professor Frank Friedeberg Seeley, August 2000.
|
| 740 |
0 |
2 |
|a Colonel Jack.
|
| 830 |
|
0 |
|a Novel library.
|
| 999 |
|
|
|a MARS
|
| 999 |
f |
f |
|s 399c84a9-03e0-3931-a291-588a08bc97a0
|i e8817b9a-72cd-3e0c-8d38-b12a6b87869b
|t 0
|
| 952 |
f |
f |
|p ric
|a Texas A&M University
|b Rellis Campus
|c Joint Library Facility
|d Remote Storage
|t 0
|e PZ3.D362 Hi9
|h Library of Congress classification
|i unmediated -- volume
|m A14827445341
|
| 952 |
f |
f |
|p normal
|a Texas A&M University
|b College Station
|c Sterling C. Evans Library
|d Evans: Library Stacks
|t 0
|e PR3404 .H48 1947
|h Library of Congress classification
|i unmediated -- volume
|m A14801316134
|
| 998 |
f |
f |
|a PR3404 .H48 1947
|t 0
|l Evans: Library Stacks
|
| 998 |
f |
f |
|a PZ3.D362 Hi9
|t 0
|l Remote Storage
|